[Event "15th Deltalift Open 2018"]
[Site "Halmstad"]
[Date "2018.05.10"]
[Round "2"]
[White "Linusson, Lasse"]
[Black "Cramling Bellon, Anna"]
[Result "1/2-1/2"]
[WhiteElo "1962"]
[BlackElo "2153"]
[Annotator "NA"]
[PlyCount "89"]
[EventDate "2018.??.??"]
[EventType "swiss"]
[EventCountry "SWE"]
[SourceTitle "playchess.com"]
[Source "ChessBase"]
[SourceQuality "1"]
[TimeControl "1800+12"]

1. e4 {[%emt 0:00:12]} c5 {[%emt 0:00:09]} 2. a3 {[%emt 0:00:30]} Nc6 {[%emt 0:05:19]} 3. b4 {[%emt 0:00:22]} cxb4 {[%emt 0:02:48]} 4. axb4 {[%emt 0:00:06]} Nxb4 {[%emt 0:00:29]} 5. d4 {[%emt 0:00:10]} d5 {[%emt 0:02:25]} 6. c3 {[%emt 0:00:15]} Nc6 {[%emt 0:00:06]} 7. exd5 {[%emt 0:00:07]} Qxd5 {[%emt 0:00:08]} 8. Na3 {[%emt 0:00:05]} Bf5 {[%emt 0:02:22]} 9. Nc4 {[%emt 0:00:40]} Rd8 {[%emt 0:05:44]} 10. Ne3 {[%emt 0:00:17]} Qd7 {[%emt 0:02:02]} 11. Nf3 {[%emt 0:00:29]} a6 {[%emt 0:00:53]} 12. Ba3 {[%emt 0:00:52]} e6 {[%emt 0:01:50]} 13. Bxf8 {[%emt 0:00:20]} Kxf8 {[%emt 0:00:00]} 14. Be2 {[%emt 0:00:08]} Nf6 {[%emt 0:03:05]} 15. O-O {[%emt 0:00:12]} Nd5 {[%emt 0:00:17]} 16. Qc1 {[%emt 0:00:59]} Nf4 {[%emt 0:06:14]} 17. Qa3+ {[%emt 0:00:19]} Qe7 {[%emt 0:03:34]} 18. Qb2 {[%emt 0:00:05]} Be4 {[%emt 0:01:45]} 19. Rfe1 {[%emt 0:00:16]} Bd3 {[%emt 0:00:26]} 20. Bf1 {[%emt 0:00:07]} Bxf1 {[%emt 0:00:07]} 21. Rxf1 {[%emt 0:00:15]} f6 {[%emt 0:00:41]} 22. Rfb1 {[%emt 0:00:20]} Rd7 {[%emt 0:00:10]} 23. g3 {[%emt 0:00:37]} Ng6 {[%emt 0:00:17]} 24. Re1 {[%emt 0:00:08]} Qd8 {[%emt 0:00:18]} 25. h4 {[%emt 0:00:22]} h5 {[%emt 0:00:02]} 26. c4 {[%emt 0:00:49]} Kf7 {[%emt 0:00:22]} 27. d5 {[%emt 0:00:10]} exd5 {[%emt 0:00:03]} 28. cxd5 {[%emt 0:00:04]} Nce5 {[%emt 0:00:01]} 29. Nxe5+ {[%emt 0:00:42]} Nxe5 {[%emt 0:00:01]} 30. Red1 {[%emt 0:00:50]} g6 {[%emt 0:00:23]} 31. Ra4 {[%emt 0:01:51]} Re8 {[%emt 0:00:27]} 32. Kg2 {[%emt 0:00:31]} Kg7 {[%emt 0:00:07]} 33. Rf4 {[%emt 0:02:04]} Qe7 {[%emt 0:01:13]} 34. Qb6 {[%emt 0:00:16]} Rd6 {[%emt 0:00:01]} 35. Qb4 {[%emt 0:00:42]} Rc8 {[%emt 0:00:15]} 36. Re4 {[%emt 0:01:26]} Qd7 {[%emt 0:00:09]} 37. Qb2 {[%emt 0:03:29]} b5 {[%emt 0:00:10]} 38. Qe2 {[%emt 0:00:52]} a5 {[%emt 0:00:26]} 39. f4 {[%emt 0:00:24]} Nf7 {[%emt 0:00:03]} 40. f5 {[%emt 0:01:10]} Re8 {[%emt 0:00:19]} 41. Rxe8 {[%emt 0:00:35]} Qxe8 {[%emt 0:00:01]} 42. fxg6 {[%emt 0:01:46]} Qe4+ {[%emt 0:00:06]} 43. Kh2 {[%emt 0:00:24]} Kxg6 {[%emt 0:00:10]} 44. Rf1 {[%emt 0:02:18]} Ne5 {[%emt 0:00:15]} 45. Rf4 {[%emt 0:02:38]} 1/2-1/2

[Event "15th Deltalift Open 2018"]
[Site "Halmstad"]
[Date "2018.05.10"]
[Round "3"]
[White "Hillarp Persson, Tiger"]
[Black "Hobber, Anders"]
[Result "0-1"]
[WhiteElo "2531"]
[BlackElo "2320"]
[Annotator "TA"]
[PlyCount "42"]
[EventDate "2018.??.??"]
[EventType "swiss"]
[EventCountry "SWE"]
[SourceTitle "playchess.com"]
[Source "ChessBase"]
[SourceQuality "1"]

{[%evp 11,42,-9,-12,-68,-56,-52,-56,-73,-69,-64,-47,-79,-77,-100,-96,-114,-108,-196,-187,-322,-339,-460,-453,-175,-602,-632,-604,-681,-635,-636,-625,-1107,-1095]} 1. e3 d5 2. f4 g6 3. Nf3 Bg7 4. d4 Nh6 5. Bd3 O-O 6. O-O {A03: Bird's Opening with 1...d5} c5 {LiveBook: 3 Games} 7. Nbd2 $146 ({White should play} 7. c3 $11) ({Predecessor:} 7. c3 Qc7 8. h3 Nf5 9. Re1 Nd6 10. b3 Bf5 11. Ba3 Nd7 12. Ne5 b6 13. dxc5 Nxc5 14. Bxf5 Nxf5 15. Bxc5 bxc5 16. Qxd5 {0-1 (48) Gouw,C (2579)-Stalmach,K (2547) ICCF email 2008}) 7... Nf5 $15 8. Bxf5 {Black is slightly better.} Bxf5 9. dxc5 Na6 10. Nd4 Qc8 11. Qf3 Rd8 12. h3 Nxc5 13. g4 Be4 14. Qf2 {[#]} (14. Nxe4 $17 Nxe4 15. c3) 14... Bxc2 $1 $19 {[%mdl 512]} 15. f5 (15. N2f3 {keeps fighting.} Bd3 16. Rd1) (15. Nxc2 Nd3) 15... Bd3 16. fxg6 fxg6 17. Qf7+ Kh8 18. b4 {Black is clearly winning.} Bxf1 19. bxc5 Rf8 20. Qxe7 Bxh3 21. Ne6 {[%csl Ge6][%cal Re7g7]} Bxa1 {Precision: White = 15%, Black = 89%.} 0-1

[Event "15th Deltalift Open 2018"]
[Site "Halmstad"]
[Date "2018.05.10"]
[Round "3"]
[White "Hector, Jonny"]
[Black "Brzezinski, Adam"]
[Result "1-0"]
[WhiteElo "2497"]
[BlackElo "2152"]
[Annotator "TA"]
[PlyCount "101"]
[EventDate "2018.??.??"]
[EventType "swiss"]
[EventCountry "SWE"]
[SourceTitle "playchess.com"]
[Source "ChessBase"]
[SourceQuality "1"]

{[%evp 18,101,33,35,37,41,351,364,447,420,419,431,400,231,240,237,233,225,221,218,232,219,316,291,356,253,352,341,348,345,335,298,319,278,270,264,370,363,502,495,468,366,363,322,391,420,462,352,364,335,344,311,280,220,241,183,222,188,566,567,633,561,777,765,727,747,1251,1181,1087,1012,1957,1926,1531,1766,1525,1616,1414,1292,1483,1095,2047,2043,1972,1991,1789,1494]} 1. e4 e6 2. d4 d5 3. Nc3 Bb4 4. Nge2 dxe4 5. a3 Bxc3+ 6. Nxc3 Nc6 7. Bb5 Nge7 8. Bg5 f6 9. Be3 f5 10. Qh5+ {LiveBook: 6 Games. C15: French: 3 Nc3 Bb4: Unusual White 4th moves} Ng6 11. O-O-O {[#] Threatens to win with d5.} a6 $2 {[%mdl 8192]} (11... O-O $14) 12. d5 $18 {White is winning.} Qh4 13. Qxh4 (13. dxc6 axb5 14. Qxh4 Nxh4 $18) 13... Nxh4 14. dxc6 axb5 15. Bg5 $146 (15. Nxb5 $142 Kf7 16. Nxc7) ({Predecessor:} 15. Nxb5 Kf7 16. Nxc7 Ra4 17. Bg5 e3 18. cxb7 Bxb7 {1-0 (25) Zeller,F (2417)-Namyslo,H (2268) Unterkochen 2003}) 15... Ng6 16. Rd8+ ({Don't play} 16. Nxb5 $6 Rb8 $16) 16... Kf7 17. cxb7 Bxb7 18. Rd7+ Kg8 19. Rxc7 b4 (19... Ba6 {was called for.} 20. Rd1 h6) 20. axb4 ({Less strong is} 20. Rxb7 bxc3 21. Rd1 (21. bxc3 h6 $14) 21... h6 $16) 20... Bd5 21. b3 h6 22. Be3 Kh7 23. Bd4 {[%csl Gd4][%cal Rc7g7] [#]} Rhg8 24. Kb2 Rad8 25. Nxd5 Rxd5 26. Bc3 e5 (26... Ne5 {is a better defense.} 27. Ra1 Ng4) 27. Ra1 Nf4 28. Ra5 Re8 29. Raa7 Rg8 30. Rd7 Rxd7 31. Rxd7 {[%mdl 4096] Endgame KRB-KRN} Re8 32. g3 Nh3 33. Be1 f4 34. gxf4 exf4 35. Bc3 Kg6 36. Rxg7+ Kf5 37. Be1 Nxf2 $2 (37... f3 {is tougher.} 38. Rg3 Nf4) 38. Bxf2 {KRB-KR. White is clearly winning.} e3 39. Be1 f3 40. Rf7+ Ke4 41. b5 {[%cal Bb4b5,Bb5b6][%mdl 32]} Re5 42. b6 Rb5 43. Re7+ Kf4 44. Bg3+ Kg4 45. Rxe3 Rxb6 46. c4 {[%cal Bc2c4,Bc4c5][%mdl 32]} Rf6 47. Re1 h5 48. c5 h4 49. Re4+ Kg5 50. Bxh4+ Kf5 51. Re1 {Precision: White = 74%, Black = 35%.} 1-0

[Event "15th Deltalift Open 2018"]
[Site "Halmstad"]
[Date "2018.05.10"]
[Round "3"]
[White "Cramling, Pia"]
[Black "Kucuksari, Kaan"]
[Result "0-1"]
[WhiteElo "2448"]
[BlackElo "2264"]
[Annotator "TA"]
[PlyCount "80"]
[EventDate "2018.??.??"]
[EventType "swiss"]
[EventCountry "SWE"]
[SourceTitle "playchess.com"]
[Source "ChessBase"]
[SourceQuality "1"]

{[%evp 26,80,25,0,0,0,0,0,0,-32,-18,-31,0,-94,0,-83,-68,-111,-89,-102,-102,-143,0,-93,0,-134,-122,-116,-104,-172,-133,-134,-134,-157,22,-340,-93,-370,-370,-377,-370,-347,-295,-1020,-936,-1754,-1720,-1746,-937,-904,-862,-823,-658,-927,-937,-952,-941]} 1. Nf3 Nf6 2. c4 b6 3. g3 e6 4. Bg2 Bb7 5. O-O Be7 6. Nc3 O-O 7. Re1 d5 8. cxd5 exd5 9. d4 Nbd7 10. Bf4 c5 11. Rc1 {E17: Queen's Indian: 4 g3 Bb7 5 Bg2 Be7} Ne4 12. dxc5 Nxc3 13. Rxc3 bxc5 14. Qb3 {LiveBook: 5 Games} Qb6 15. Qc2 Nf6 {[#]} 16. Rd1 $146 ({Predecessor:} 16. Nd2 h6 17. e4 Nxe4 18. Rb3 Qa6 19. Nxe4 dxe4 20. Rxb7 Qxb7 21. Bxe4 {1-0 (64) Gledura,B (2632)-Kucuksari,K (2271) Reykjavik 2018}) 16... Rfe8 17. Nh4 Bf8 18. Nf5 Qa6 19. Be3 (19. Ne3 $11 {remains equal.}) 19... g6 (19... d4 $17 20. Ra3 Qb6 21. Bxb7 Qxb7) 20. Nh4 (20. Ra3 $11 Qe6 21. Nh6+ Bxh6 22. Bxh6) 20... Rac8 21. Bf3 {[%cal Re3c5]} Ne4 $36 {[%mdl 2048] Black is on the roll.} ({Don't go for} 21... Qxa2 $2 22. Ra3 $18) 22. Ra3 Qb6 23. Rb3 Qa6 24. Ra3 Qb6 25. Rb3 Qc6 26. Ra3 a6 27. Rad3 (27. Ng2 $17 {might work better.}) 27... Qe6 28. Ng2 {[#] aiming for Nf4.} d4 29. Bc1 g5 $2 (29... Qxa2 $17 {White must now prevent ...f5.} 30. Nf4 Qa5) 30. g4 $2 {[%mdl 8192]} (30. Bxg5 $1 $11 Nxg5 31. Bxb7 Nh3+ 32. Kf1) 30... Bd5 $2 (30... h6 $19 {has better winning chances. Strongly threatening ...Bd6.} 31. Ne1 Bd6) 31. Ra3 $2 {[%mdl 8192]} (31. Ne3 $17 Bc6 32. Nf5) 31... Bd6 $19 32. Bxe4 Bxe4 (32... Qxe4 33. Qxe4 Rxe4 34. Rxa6 $17) 33. Qd2 h6 ({Not} 33... Qxg4 34. f3 $17) 34. h4 $2 (34. f3 Qe5 35. f4) 34... Bxg2 {Black is clearly winning.} 35. Kxg2 Qxg4+ 36. Kf1 Qxh4 {[%cal Rh4h1] [#]} 37. e3 c4 38. Qxd4 Qxd4 39. Rxd4 Bxa3 40. bxa3 Red8 {Precision: White = 31%, Black = 53%.} 0-1

[Event "15th Deltalift Open 2018"]
[Site "Halmstad"]
[Date "2018.05.10"]
[Round "3"]
[White "Sjodahl, Pontus"]
[Black "Sorensen, Hampus"]
[Result "1-0"]
[WhiteElo "2404"]
[BlackElo "2176"]
[Annotator "ChessBase"]
[PlyCount "87"]
[EventDate "2018.??.??"]
[EventType "swiss"]
[EventCountry "SWE"]
[SourceTitle "playchess.com"]
[Source "ChessBase"]
[SourceQuality "1"]
[TimeControl "1800+12"]

1. d4 {[%emt 0:00:00]} d5 {[%emt 0:00:02]} 2. c4 {[%emt 0:00:00]} e6 {[%emt 0:01:19]} 3. Nc3 {[%emt 0:00:00]} Bb4 {[%emt 0:00:11]} 4. a3 {[%emt 0:00:44]} Bxc3+ {[%emt 0:00:19]} 5. bxc3 {[%emt 0:00:02]} Nf6 {[%emt 0:00:16]} 6. e3 {[%emt 0:01:31]} O-O {[%emt 0:00:33]} 7. cxd5 {[%emt 0:01:07]} exd5 {[%emt 0:00:13]} 8. Bd3 {[%emt 0:00:06]} c5 {[%emt 0:00:38]} 9. Ne2 {[%emt 0:00:14]} b6 {[%emt 0:00:07]} 10. O-O {[%emt 0:01:05]} Ba6 {[%emt 0:00:34]} 11. Bxa6 {[%emt 0:02:21]} Nxa6 {[%emt 0:00:02]} 12. Qd3 {[%emt 0:01:44]} Nc7 {[%emt 0:01:21]} 13. dxc5 {[%emt 0:00:40]} bxc5 {[%emt 0:00:18]} 14. c4 {[%emt 0:00:04]} dxc4 {[%emt 0:04:47]} 15. Qxc4 {[%emt 0:00:03]} Ne6 {[%emt 0:00:06]} 16. e4 {[%emt 0:05:00]} Nd7 {[%emt 0:07:41]} 17. Be3 {[%emt 0:03:18]} Nb6 {[%emt 0:01:00]} 18. Qb5 {[%emt 0:04:36]} Qe7 {[%emt 0:01:13]} 19. Rfc1 {[%emt 0:01:46]} Rfd8 {[%emt 0:03:07]} 20. a4 {[%emt 0:04:12]} Nd4 {[%emt 0:00:26]} 21. Bxd4 {[%emt 0:00:25]} cxd4 {[%emt 0:00:01]} 22. a5 {[%emt 0:00:04]} Nd7 {[%emt 0:00:34]} 23. Nxd4 {[%emt 0:00:22]} Qxe4 {[%emt 0:00:14]} 24. Nc6 {[%emt 0:00:41]} Re8 {[%emt 0:00:05]} 25. h3 {[%emt 0:00:28]} h6 {[%emt 0:00:08]} 26. Rc4 {[%emt 0:00:43]} Qd3 {[%emt 0:01:57]} 27. Rac1 {[%emt 0:00:20]} a6 {[%emt 0:01:26]} 28. Qb7 {[%emt 0:00:18]} Nf8 {[%emt 0:02:36]} 29. Rd4 {[%emt 0:00:40]} Qa3 {[%emt 0:00:28]} 30. Rcd1 {[%emt 0:00:19]} Ne6 {[%emt 0:00:15]} 31. R4d3 {[%emt 0:00:17]} Qc5 {[%emt 0:00:34]} 32. Rd5 {[%emt 0:00:08]} Qa3 {[%emt 0:00:12]} 33. Rf5 {[%emt 0:00:26]} f6 {[%emt 0:01:32]} 34. Rfd5 {[%emt 0:00:19]} Kh8 {[%emt 0:00:40]} 35. Rd6 {[%emt 0:00:29]} Nf4 {[%emt 0:00:36]} 36. Kh2 {[%emt 0:00:42]} Qc5 {[%emt 0:00:29]} 37. Qb6 {[%emt 0:00:42]} Qg5 {[%emt 0:00:13]} 38. g3 {[%emt 0:00:08]} Ng6 {[%emt 0:00:32]} 39. R6d5 {[%emt 0:00:22]} f5 {[%emt 0:00:16]} 40. Qc5 {[%emt 0:00:14]} Qh5 {[%emt 0:00:28]} 41. R1d2 {[%emt 0:00:16]} Rf8 {[%emt 0:00:30]} 42. Qd4 {[%emt 0:00:37]} Qf3 {[%emt 0:00:15]} 43. Rd6 {[%emt 0:00:11]} Kh7 {[%emt 0:00:09]} 44. Rxg6 {[%emt 0:00:04]} 1-0

[Event "15th Deltalift Open 2018"]
[Site "Halmstad"]
[Date "2018.05.10"]
[Round "3"]
[White "Akesson, Ralf"]
[Black "Fransson, Patrick"]
[Result "1-0"]
[WhiteElo "2392"]
[BlackElo "2129"]
[Annotator "NA"]
[PlyCount "75"]
[EventDate "2018.??.??"]
[EventType "swiss"]
[EventCountry "SWE"]
[SourceTitle "playchess.com"]
[Source "ChessBase"]
[SourceQuality "1"]
[TimeControl "1800+12"]

1. Nf3 {[%emt 0:00:00]} e6 {[%emt 0:00:35]} 2. c4 {[%emt 0:00:01]} b6 {[%emt 0:00:35]} 3. e4 {[%emt 0:00:26]} Bb7 {[%emt 0:00:09]} 4. Nc3 {[%emt 0:00:04]} c5 {[%emt 0:00:39]} 5. d4 {[%emt 0:00:34]} cxd4 {[%emt 0:00:34]} 6. Nxd4 {[%emt 0:00:03]} Nc6 {[%emt 0:00:28]} 7. Be3 {[%emt 0:00:49] LiveBook: 5 Games} Nf6 {[%emt 0:01:25]} 8. f3 {[%emt 0:01:20]} Be7 {[%emt 0:02:00] A31: Symmetrical English: 2 Nf3 Nf6 3 d4} (8... Bc5 9. Qd2 O-O 10. Nxc6 Bxc6 11. e5 Ne8 12. Bd3 Qh4+ 13. Qf2 Qxf2+ 14. Kxf2 f6 15. Bxc5 bxc5 16. Rhe1 {½-½ (27) Ponkratov,P (2589)-Kamsky,G (2637) St Petersburg 2016}) 9. Be2 {[%emt 0:00:21]} O-O {[%emt 0:00:14]} 10. O-O {[%emt 0:00:05]} d5 {[%emt 0:01:11]} 11. Nxc6 {[%emt 0:02:12]} Bxc6 {[%emt 0:00:01]} 12. cxd5 {[%emt 0:00:04]} exd5 {[%emt 0:00:21]} 13. e5 {[%emt 0:00:05]} Ne8 $146 {[%emt 0:00:21]} 14. f4 {[%emt 0:00:28]} Bc5 {[%emt 0:00:39]} 15. Bd4 {[%emt 0:01:24]} Nc7 {[%emt 0:00:29]} 16. Kh1 {[%emt 0:02:05]} Bxd4 {[%emt 0:04:02]} 17. Qxd4 {[%emt 0:00:03]} Ne6 {[%emt 0:00:01]} 18. Qg1 {[%emt 0:02:41]} d4 {[%emt 0:00:33]} 19. Nd1 {[%emt 0:01:58]} f6 {[%emt 0:04:12]} 20. Bg4 {[%emt 0:02:12]} f5 {[%emt 0:01:21]} 21. Bf3 {[%emt 0:00:03]} Be4 {[%emt 0:01:19]} 22. g3 {[%emt 0:03:27]} Rc8 {[%emt 0:01:01]} 23. Qg2 {[%emt 0:00:33]} Nc5 {[%emt 0:03:14]} 24. b4 {[%emt 0:01:27]} Bxf3 {[%emt 0:00:09]} 25. Qxf3 {[%emt 0:00:02]} Ne4 {[%emt 0:00:00]} 26. Qd3 {[%emt 0:01:44]} Qd5 {[%emt 0:00:14]} 27. Kg1 {[%emt 0:00:04]} Rc4 $2 {[%emt 0:00:19] [#]} (27... Rfd8 $17 {keeps the pressure on.} 28. Re1 Kh8) 28. Ne3 $1 {[%emt 0:00:17]} Rc3 {[%emt 0:00:45]} 29. Qxc3 {[%emt 0:00:49]} dxe3 {[%emt 0:00:02]} 30. Qxe3 {[%emt 0:00:39]} Rd8 {[%emt 0:00:01]} 31. Qb3 {[%emt 0:00:22]} Qxb3 {[%emt 0:00:37]} 32. axb3 {[%emt 0:00:03]} Rd2 {[%emt 0:00:30]} 33. Rxa7 {[%emt 0:00:46]} Nc3 {[%emt 0:00:09]} 34. Kh1 {[%emt 0:01:40]} Nd1 {[%emt 0:00:41]} 35. e6 {[%emt 0:00:55]} Kf8 {[%emt 0:00:05]} 36. Rd7 {[%emt 0:00:33]} Nf2+ $18 {[%emt 0:00:28]} 37. Kg2 {[%emt 0:00:11]} Nd3+ {[%emt 0:00:57]} 38. Kf3 {[%emt 0:00:14]} 1-0

[Event "15th Deltalift Open 2018"]
[Site "Halmstad"]
[Date "2018.05.10"]
[Round "3"]
[White "Arman, Deniz"]
[Black "Berggren Torell, Harald"]
[Result "0-1"]
[WhiteElo "2367"]
[BlackElo "2114"]
[Annotator "ChessBase"]
[PlyCount "62"]
[EventDate "2018.??.??"]
[EventType "swiss"]
[EventCountry "SWE"]
[SourceTitle "playchess.com"]
[Source "ChessBase"]
[SourceQuality "1"]
[TimeControl "1800+12"]

1. e4 {[%emt 0:00:00]} d6 {[%emt 0:00:01]} 2. d4 {[%emt 0:00:00]} Nf6 {[%emt 0:00:01]} 3. Nc3 {[%emt 0:00:00]} g6 {[%emt 0:00:01]} 4. f4 {[%emt 0:00:00]} Bg7 {[%emt 0:00:02]} 5. Nf3 {[%emt 0:00:19]} O-O {[%emt 0:00:02]} 6. e5 {[%emt 0:00:04]} Nfd7 {[%emt 0:00:01]} 7. Ne4 {[%emt 0:01:29]} c5 {[%emt 0:04:42]} 8. e6 {[%emt 0:09:53]} fxe6 {[%emt 0:01:07]} 9. Neg5 {[%emt 0:00:05]} Nf6 {[%emt 0:02:44]} 10. Bd3 {[%emt 0:03:06]} Nc6 {[%emt 0:01:26]} 11. dxc5 {[%emt 0:00:37]} dxc5 {[%emt 0:02:49]} 12. Qe2 {[%emt 0:01:23]} Qd6 {[%emt 0:02:11]} 13. c3 {[%emt 0:00:36]} Nd5 {[%emt 0:00:59]} 14. g3 {[%emt 0:08:27]} Nxc3 {[%emt 0:02:18]} 15. bxc3 {[%emt 0:02:00]} Bxc3+ {[%emt 0:00:01]} 16. Kf2 {[%emt 0:03:23]} Bxa1 {[%emt 0:00:05]} 17. Kg2 {[%emt 0:01:28]} e5 {[%emt 0:02:24]} 18. Bc4+ {[%emt 0:00:21]} Kg7 {[%emt 0:01:08]} 19. h4 {[%emt 0:00:23]} Bg4 {[%emt 0:05:21]} 20. h5 {[%emt 0:00:02]} Nd4 {[%emt 0:00:01]} 21. Qxe5+ {[%emt 0:00:06]} Qf6 {[%emt 0:01:50]} 22. h6+ {[%emt 0:00:13]} Kh8 {[%emt 0:00:03]} 23. Qxf6+ {[%emt 0:00:19]} exf6 {[%emt 0:00:18]} 24. Nxd4 {[%emt 0:00:06]} Bxd4 {[%emt 0:00:24]} 25. Nf7+ {[%emt 0:00:13]} Rxf7 {[%emt 0:00:04]} 26. Bxf7 {[%emt 0:00:01]} Bd7 {[%emt 0:02:06]} 27. Re1 {[%emt 0:00:01]} Bc6+ {[%emt 0:00:08]} 28. Kh3 {[%emt 0:00:46]} f5 {[%emt 0:00:09]} 29. Re7 {[%emt 0:00:05]} Rf8 {[%emt 0:00:18]} 30. Bd2 {[%emt 0:00:20]} Bf6 {[%emt 0:01:06]} 31. Bc3 Bxc3 0-1

[Event "15th Deltalift Open 2018"]
[Site "Halmstad"]
[Date "2018.05.10"]
[Round "3"]
[White "Malmstig, Erik"]
[Black "Troberg Eskola, Love"]
[Result "1-0"]
[WhiteElo "2339"]
[BlackElo "1993"]
[Annotator "NA"]
[PlyCount "35"]
[EventDate "2018.??.??"]
[EventType "swiss"]
[EventCountry "SWE"]
[SourceTitle "playchess.com"]
[Source "ChessBase"]
[SourceQuality "1"]
[TimeControl "1800+12"]

1. d4 {[%emt 0:00:00]} f5 {[%emt 0:00:01]} 2. g3 {[%emt 0:00:04]} Nf6 {[%emt 0:00:02]} 3. Bg2 {[%emt 0:00:08]} g6 {[%emt 0:00:01]} 4. c4 {[%emt 0:00:08]} Bg7 {[%emt 0:00:02]} 5. Nc3 {[%emt 0:00:08] LiveBook: 1490 Games} O-O {[%emt 0:00:04]} 6. Nh3 {[%emt 0:00:08]} e6 {[%emt 0:01:45]} 7. O-O {[%emt 0:00:29]} d6 {[%emt 0:00:03]} 8. Qb3 {[%emt 0:01:04] A86: Dutch Defence: Leningrad System: Unusual lines and 5 Nh3} (8. b3 c6 9. Ba3 Qa5 10. Qc1 Rd8 11. Rd1 Qc7 12. d5 Qe7 13. dxe6 Bxe6 14. Qf4 Nh5 15. Qe3 Na6 {½-½ (31) Delchev,A (2604)-Vallejo Pons,F (2686) Linares 2015}) 8... c6 {[%emt 0:02:45]} 9. Nf4 {[%emt 0:01:35]} Qe7 {[%emt 0:02:00]} 10. d5 {[%emt 0:03:14]} e5 $146 {[%emt 0:00:42]} ({Predecessor:} 10... Kh8 11. dxe6 Na6 12. Qc2 Bxe6 13. Nxe6 Qxe6 {0-1 (47) Kacprzak,R (1906)-Lach,P (2148) Polanica Zdroj 2009}) 11. dxc6 {[%emt 0:03:26]} Nxc6 {[%emt 0:01:25]} (11... bxc6 $5 {[%cal Re5f4]} 12. Nfd5 Nxd5 13. Nxd5 (13. cxd5 c5 $15) 13... Qf7 $11) 12. Nfd5 {[%emt 0:01:32]} Qf7 {[%emt 0:04:50]} 13. Nb5 {[%emt 0:02:19]} Ne8 {[%emt 0:02:40]} 14. Qa3 {[%emt 0:01:40]} Nd4 {[%emt 0:01:46]} 15. Nxd4 {[%emt 0:01:59]} exd4 {[%emt 0:00:01]} 16. Nb6 {[%emt 0:00:32]} Rb8 $2 {[%emt 0:01:27]} (16... axb6 17. Qxa8 Nf6) 17. Nxc8 {[%emt 0:00:28]} Rxc8 $18 {[%emt 0:00:01]} (17... Qd7 $142 18. Nxa7 Ra8) 18. Bd5 {[%emt 0:00:08]} 1-0

[Event "15th Deltalift Open 2018"]
[Site "Halmstad"]
[Date "2018.05.10"]
[Round "3"]
[White "Rydstrom, Tom"]
[Black "Rasti, Arvin"]
[Result "1-0"]
[WhiteElo "2324"]
[BlackElo "1956"]
[Annotator "NA"]
[PlyCount "71"]
[EventDate "2018.??.??"]
[EventType "swiss"]
[EventCountry "SWE"]
[SourceTitle "playchess.com"]
[Source "ChessBase"]
[SourceQuality "1"]
[TimeControl "1800+12"]

1. e4 {[%emt 0:00:00]} c5 {[%emt 0:00:01]} 2. Nf3 d6 3. d4 {[%emt 0:00:00]} cxd4 {[%emt 0:00:01]} 4. Nxd4 {[%emt 0:00:00]} Nf6 {[%emt 0:00:01]} 5. Nc3 {[%emt 0:00:00]} a6 {[%emt 0:00:00]} 6. Bg5 {[%emt 0:00:00]} e6 {[%emt 0:00:01]} 7. Be2 {[%emt 0:00:04]} Be7 {[%emt 0:00:07] LiveBook: 77 Games} 8. Qd3 {[%emt 0:00:04]} Qc7 {[%emt 0:00:15]} 9. f4 {[%emt 0:00:50] B95: Sicilian Najdorf: 6 Bg5 e6, unusual White 7th moves} h6 {[%emt 0:00:21]} (9... Nbd7 10. O-O-O b5 11. Bf3 Bb7 12. Bxf6 Bxf6 13. e5 Nc5 14. Qe3 dxe5 15. Ndxb5 axb5 16. Nxb5 Qb6 17. Nd6+ Ke7 18. fxe5 Rxa2 19. exf6+ gxf6 20. Nf5+ Ke8 21. b3 Bxf3 {½-½ (21) Moskvichev,V (2445)-Meiners,E (2345) ICCF email 2015}) 10. Bxf6 {[%emt 0:01:18]} Bxf6 {[%emt 0:00:40]} 11. O-O-O {[%emt 0:00:02]} Nd7 {[%emt 0:00:54]} 12. Kb1 {[%emt 0:00:30]} Nc5 {[%emt 0:01:47]} 13. Qe3 {[%emt 0:00:02]} Bd7 {[%emt 0:00:56]} 14. Bf3 $146 {[%emt 0:11:33]} ({Predecessor:} 14. Bh5 g6 15. Bf3 Rc8 16. Rd2 b5 17. h4 b4 18. Nce2 {0-1 (40) Zhamzin,O-Nakamura,H (2281) Oropesa del Mar 2000}) 14... Rc8 {[%emt 0:01:08]} 15. Rhe1 {[%emt 0:03:33]} (15. h4 $11) 15... b5 {[%emt 0:02:19]} 16. e5 {[%emt 0:00:23]} dxe5 {[%emt 0:01:05]} 17. fxe5 {[%emt 0:00:02]} Bg5 {[%emt 0:00:01]} 18. Qf2 {[%emt 0:00:00]} b4 {[%emt 0:02:03]} 19. Ne4 {[%emt 0:00:01]} Nxe4 {[%emt 0:00:16]} 20. Bxe4 {[%emt 0:00:32]} O-O {[%emt 0:01:05]} 21. h4 {[%emt 0:00:02]} Be7 {[%emt 0:00:03]} 22. g4 {[%emt 0:00:24]} Bc5 {[%emt 0:00:55]} 23. Qe2 {[%emt 0:04:07]} Rfd8 {[%emt 0:02:31]} 24. g5 {[%emt 0:00:46]} Bxd4 {[%emt 0:01:46]} 25. Rxd4 {[%emt 0:00:01]} Bb5 {[%emt 0:00:03]} 26. Rxd8+ {[%emt 0:00:41]} Rxd8 {[%emt 0:00:35]} 27. Qf3 {[%emt 0:00:08]} ({White should try} 27. Qg4 $14 g6 28. h5 Qxe5 29. hxg6 Qxg5 30. gxf7+ Kxf7 31. Qf3+ Ke7 32. Bf5) 27... hxg5 {[%emt 0:01:39]} 28. hxg5 {[%emt 0:00:08]} Qc4 {[%emt 0:01:39] [#]} 29. g6 $1 {[%emt 0:00:56]} Rd7 $2 {[%emt 0:02:07]} (29... fxg6 30. Bxg6 Be8) 30. Qh1 {[%emt 0:01:02]} Qd4 {[%emt 0:01:10]} 31. b3 {[%emt 0:00:42]} Qf2 {[%emt 0:02:03]} 32. Rc1 $18 {[%emt 0:02:00]} Qd4 {[%emt 0:00:45]} 33. Qh7+ {[%emt 0:00:02]} Kf8 {[%emt 0:00:05]} 34. Qh8+ {[%emt 0:00:00]} Ke7 {[%emt 0:00:02]} 35. Qxg7 {[%emt 0:00:01]} Qxe5 {[%emt 0:01:29]} 36. Qxe5 {[%emt 0:00:05]} 1-0